<?xml version="1.0" encoding="UTF-8"?>
<collection xmlns="http://www.loc.gov/MARC21/slim">
 <record>
  <leader>01609nam a2200193Ia 4500</leader>
  <controlfield tag="001">TDMU_22241</controlfield>
  <controlfield tag="008">210410s9999    xx            000 0 und d</controlfield>
  <datafield tag="082" ind1=" " ind2=" ">
   <subfield code="a">537.534</subfield>
  </datafield>
  <datafield tag="090" ind1=" " ind2=" ">
   <subfield code="b">TR121</subfield>
  </datafield>
  <datafield tag="100" ind1=" " ind2=" ">
   <subfield code="a">Trần, Văn Bình</subfield>
  </datafield>
  <datafield tag="245" ind1=" " ind2="0">
   <subfield code="a">Thiết kế mô hình xe điều khiển bằng sóng vô tuyến RF</subfield>
  </datafield>
  <datafield tag="245" ind1=" " ind2="0">
   <subfield code="c">Trần Văn Bình; ThS. Nguyễn Văn Sơn (Hướng dẫn)</subfield>
  </datafield>
  <datafield tag="260" ind1=" " ind2=" ">
   <subfield code="a">Bình Dương, 2014</subfield>
  </datafield>
  <datafield tag="300" ind1=" " ind2=" ">
   <subfield code="a">58tr</subfield>
  </datafield>
  <datafield tag="520" ind1=" " ind2=" ">
   <subfield code="a">Chuyên ngành: Điện công nghiệp; Danh mục tài liệu tham khảo sau phần kết luận; Khóa luận tốt nghiệp Đại học trường Đại học Thủ Dầu Một, 2012- 2014; Khóa luận nghiên cứu thiết kế mô hình xe điều khiển bằng sóng vô tuyến RF.  Gồm các chương. Chương 1 Những vấn đề chung về điều khiển từ xa; Chương 2 Điều khiển từ xa sử dụng sóng vô tuyến; Chương 3 Tổng quan về vi điều khiển; Chương 4 Thiết kế mạch đện; Chương 5 Thiết kế phần cơ khí xe và kết nối mạch điện; Chương 6 Sơ đồ thuật toán và chương trình.</subfield>
  </datafield>
  <datafield tag="650" ind1=" " ind2=" ">
   <subfield code="a">Khóa luận; Mô hình xe điều khiển</subfield>
   <subfield code="x">Sóng vô tuyến</subfield>
   <subfield code="x">Thiết kế; Sóng vô tuyến</subfield>
   <subfield code="x">Ứng dụng</subfield>
  </datafield>
  <datafield tag="700" ind1=" " ind2=" ">
   <subfield code="a">Nguyễn Văn Sơn</subfield>
  </datafield>
  <datafield tag="856" ind1=" " ind2=" ">
   <subfield code="u">http://lrc.tdmu.edu.vn/opac/search/detail.asp?aID=2&amp;ID=22241</subfield>
  </datafield>
  <datafield tag="980" ind1=" " ind2=" ">
   <subfield code="a">Trung tâm Học liệu Trường Đại học Thủ Dầu Một</subfield>
  </datafield>
 </record>
</collection>
